Normal view
MARC view
- Masters, Robert E. L.
Entry Personal Name
001 - CONTROL NUMBER
- control field: 7988
003 - CONTROL NUMBER IDENTIFIER
- control field: NUST
005 - DATE AND TIME OF LATEST TRANSACTION
- control field: 20180103114858.0
008 - FIXED-LENGTH DATA ELEMENTS
- fixed length control field: 180103|| aca||aabn | a|a d
040 ## - CATALOGING SOURCE
- Original cataloging agency: NUST
- Transcribing agency: NUST
100 ## - HEADING--PERSONAL NAME
- Personal name: Masters, Robert E. L.
670 ## - SOURCE DATA FOUND
- Source citation: Work cat.: (NUST)0: Masters, Robert E. L., Listening to the body :, 1978.
